Désignations normalisées des matériaux - Statistiques

Statistiques générales
  • Ce quiz a été pris 1 fois
  • Le résultat moyen est 2 sur 9
Statistiques - réponses
Désigniation Normalisée Nom Complet Caractéristique % Correct
30 Ni Cr Mo 8-6 Acier faiblement allié avec 0.3% de carbone, 0.16% de Nickel, 0.24% de Chrome et des traces de Molybdène.
100%
X 5 Cr Ni 18-10 Acier fortement allié avec 0.005 de carbone, 18% de Chrome et 10% de Nickel.
100%
E 335 Acier de construction mécanique avec limite minimal d'élasticité (Re) 335MPa.
0%
S 235 Acier d'usage général avec limite minimal d'élasticité (Re) 235MPa.
0%
GS 235 Acier non allié moules avec limite minimal d'élasticité (Re) 235MPa.
0%
C 40 Acier pour traitement thermique et forgeage avec 0.4% de carbone.
0%
EN-GJL-200 Fonte a graphite lamelaire avec limite à la rupture (Rr) 200MPa.
0%
EN-GJS-400-18 Fonte a graphite sphéroïdale avec limite à la rupture (Rr) 400MPa et 18% d'allongement après rupture.
0%
EN-GJMB-450-6 Fonte malleable avec limite à la rupture (Rr) 450MPa et 6% d'allongement après rupture.
0%
Aucun quiz correspondant
Distribution des résultats
% des personnes avec chaque résultat
Percentile par nombre de réponses
Votre historique - résultats
Vous n’avez pas pris ce quiz